[Event "11th American Continental Women 2018"]
[Site "Envigado"]
[Date "2018.11.20"]
[Round "5.10"]
[White "Castrillon Gomez, Melissa"]
[Black "Moncada Correa, Sara"]
[Result "1-0"]
[WhiteElo "2301"]
[BlackElo "1792"]
[Annotator "TA"]
[PlyCount "81"]
[EventDate "2018.11.17"]
[EventType "swiss"]
[EventRounds "9"]
[EventCountry "COL"]
[SourceTitle "playchess.com"]
[Source "ChessBase"]
[SourceQuality "1"]

{[%evp 18,81,26,19,60,27,30,22,161,156,199,152,170,183,225,234,233,198,223,214,264,266,341,204,279,146,331,222,418,420,374,286,310,315,341,0,0,-123,282,288,254,172,405,394,400,363,377,0,747,739,1054,1053,961,903,1221,1123,29976,29977,29978,29979,29979,29980,29979,29980,29979,29974]} 1. e4 c5 2. Nf3 e6 3. d4 cxd4 4. Nxd4 a6 5. Nc3 Qc7 6. Bd3 Nc6 7. Nxc6 dxc6 8. f4 {B43: Sicilian: Kan Variation: 5 Nc3} (8. O-O e5 9. f4 Nf6 10. Kh1 Bd6 11. f5 b5 12. a4 Bb7 13. axb5 axb5 14. Rxa8+ Bxa8 15. Bxb5 cxb5 16. Nxb5 Qc6 17. Qxd6 Qxb5 18. Rd1 {1-0 (53) Guseinov,G (2646)-Bortnyk,O (2552) Minsk 2015}) 8... e5 9. Qf3 Nf6 10. f5 {LiveBook: 11 Games. White has an edge.} Bd7 11. g4 $146 {[%cal Bg2g4,Bg4g5][%mdl 32]} ({Predecessor:} 11. a3 Bc5 12. Bd2 O-O-O 13. O-O-O Kb8 14. Rhe1 Bc8 15. Kb1 h6 {1-0 (61) Valak,A (2388)-Rimkus,B (1947) ICCF email 2009}) 11... h6 12. h4 Be7 (12... h5 $11 {and Black has nothing to worry.}) 13. g5 $18 Ng8 14. Bc4 {[%cal Bd3c4,Bc4f7,Bf7b3][%mdl 32]} O-O-O 15. Bxf7 Qb6 16. Bb3 $1 hxg5 17. hxg5 Rxh1+ 18. Qxh1 Bc5 19. Qf3 Bb4 20. Kf1 (20. Be3 $142 Bc5 21. Bxc5 Qxc5 22. O-O-O) 20... Bxc3 21. bxc3 (21. Qxc3 $18 Bxf5 22. Be3 (22. exf5 Rd1+ 23. Ke2 Qg1 $18) 22... Bh3+ 23. Kg1) 21... Qc5 $2 (21... c5 $16 22. Be3 Qc7) 22. Qe3 Qb5+ $2 (22... Qd6 23. Bb2 c5) 23. c4 Qb4 24. a4 Qf8 25. Ba3 Qe8 26. g6 $2 (26. Rd1 $18) 26... Nf6 $11 27. Kg2 {[#]} (27. Rd1 $11 {remains equal.} Qh8 28. Qf3) 27... Nh5 $2 {[%mdl 8192] [#]} (27... c5 $1 $17 {Hoping for ...Bc6.} 28. Bxc5 (28. Qxc5+ Bc6 $15) 28... Bc6) 28. Rh1 $1 $18 {[%cal Rh1h5]} Nf4+ 29. Kf3 Nxg6 $2 (29... c5 {was worth a try.} 30. a5 (30. Qxc5+ Bc6 $16) 30... Bc6) 30. Qg5 Bxf5 31. Qxf5+ ({Much less strong is} 31. exf5 e4+ 32. Ke2 Qe5 $18) 31... Kb8 32. c5 $2 (32. Rh7 $18) 32... Nf4 $2 {[%mdl 8192]} (32... Rd1 $11 33. Rxd1 Nh4+ 34. Kg4 Nxf5 35. exf5 g6) 33. Bb2 Ka7 34. Bxe5 Ng6 35. Bd6 Nh8 36. e5 {[%cal Be4e5,Be5e6,Be6e7][%mdl 32]} g6 37. Qf6 {White mates.} g5 {[#]} 38. Rxh8 $1 Qxh8 39. Qxh8 Rxh8 40. e6 Rg8 41. e7 {Accuracy: White = 65%, Black = 16%.} 1-0

[Event "11th American Continental Women 2018"]
[Site "Envigado"]
[Date "2018.11.20"]
[Round "5.11"]
[White "Prado, Alexandra"]
[Black "Chirivi C, Jenny Astrid"]
[Result "0-1"]
[WhiteElo "1873"]
[BlackElo "2118"]
[Annotator "TA"]
[PlyCount "48"]
[EventDate "2018.11.17"]
[EventType "swiss"]
[EventRounds "9"]
[EventCountry "COL"]
[SourceTitle "playchess.com"]
[Source "ChessBase"]
[SourceQuality "1"]

{[%evp 19,48,32,34,-61,-62,-88,-66,-54,-52,-62,-48,-58,-37,-149,0,-256,-243,-308,-170,-176,-176,-155,-150,-248,-255,-405,-395,-671,-659,-652,-644]} 1. e4 c5 2. Nc3 Nc6 3. g3 g6 4. Bg2 Bg7 5. d3 d6 6. f4 e5 7. Nh3 Nge7 8. O-O O-O 9. f5 gxf5 10. Qh5 {B25: Closed Sicilian: 3 g3, lines without early Be3} f6 {LiveBook: 5 Games} 11. Bh6 ({White should try} 11. exf5 $14 d5 12. g4) 11... Nd4 $15 12. Rf2 {Black is slightly better.} Qe8 13. Qxe8 Rxe8 14. Bxg7 Kxg7 15. Raf1 {[#]} Rb8 $146 ({Predecessor:} 15... Rf8 16. exf5 Ndxf5 {0-1 (52) Cifuentes Parada,R (2500)-Nijboer,F (2530) Wijk aan Zee 1994}) 16. exf5 (16. Nd1 $15) 16... Bxf5 ({Much weaker is} 16... Nexf5 $6 17. Nd5 $11) (16... Ndxf5 $17 17. Ne4 d5 18. Nxf6 Kxf6) 17. g4 $2 {[%mdl 8192] [#]} (17. Ne4 $1 $11 {and White stays safe.}) 17... Bxg4 $19 18. Rxf6 Nef5 $36 {[%mdl 2048] Black is really pushing.} (18... Ndf5 $142 19. Re6 Ne3 20. Rxd6 Nxf1 21. Bxf1 Red8 22. Rxd8 Rxd8) 19. Nd5 Rf8 20. Rxf8 Rxf8 ({Don't play} 20... Kxf8 $6 21. Ng5 $11) 21. Nf2 (21. Rf2 $17 {is a better defense.}) 21... Be2 22. Re1 (22. Rc1 {might work better.}) 22... Nh4 23. Rc1 $2 {[#]} (23. Ne4) 23... Nxg2 24. c3 Ne6 {Precision: White = 10%, Black = 80%.} 0-1

[Event "11th American Continental Women 2018"]
[Site "Envigado"]
[Date "2018.11.20"]
[Round "5.12"]
[White "Ocampo, Cristina"]
[Black "Cordero, Daniela"]
[Result "1/2-1/2"]
[WhiteElo "1771"]
[BlackElo "2085"]
[Annotator "NA RC"]
[PlyCount "95"]
[EventDate "2018.11.17"]
[EventType "swiss"]
[EventRounds "9"]
[EventCountry "COL"]
[SourceTitle "playchess.com"]
[Source "ChessBase"]
[SourceQuality "1"]
[TimeControl "40/5400+30:1800+30"]

1. e4 e6 2. d4 d5 3. Nc3 Nf6 4. Bg5 Bb4 5. e5 h6 6. exf6 hxg5 7. fxg7 Rg8 8. h4 gxh4 9. Qh5 Qf6 10. Qxh4 Qxg7 11. O-O-O Bd7 12. Nf3 a6 13. Ne5 Nc6 14. Nxc6 Bxc6 15. Rd3 Be7 16. Qh7 O-O-O 17. Rf3 Qg5+ 18. Kb1 Rg7 19. Qd3 Bd6 20. Rh7 Rxh7 21. Qxh7 Qd2 22. Qd3 Qe1+ 23. Qd1 Qxd1+ 24. Nxd1 Rf8 25. Ne3 Kd7 26. c3 f6 27. Ng4 Be7 28. Rh3 Rg8 29. f3 Kd6 30. Rh7 Be8 31. Kc1 Bg6 32. Rh1 e5 33. Kd2 Ke6 34. Bd3 c5 35. Bxg6 Rxg6 36. dxe5 fxe5 37. Ke2 b5 38. Rh6 Rxh6 39. Nxh6 Bg5 40. Ng4 a5 41. Nf2 b4 42. Kd1 Bh4 43. Nh3 Bg3 44. Ng5+ Kf5 45. Nf7 e4 46. fxe4+ Kxe4 47. Ng5+ Kd3 48. Ne6 1/2-1/2

[Event "11th American Continental Women 2018"]
[Site "Envigado"]
[Date "2018.11.20"]
[Round "5.13"]
[White "Munoz Monroy, Cinthya Carolina"]
[Black "Gomez Guardo, Laura Meli"]
[Result "1-0"]
[WhiteElo "2032"]
[BlackElo "1842"]
[Annotator "NA RC"]
[PlyCount "65"]
[EventDate "2018.11.17"]
[EventType "swiss"]
[EventRounds "9"]
[EventCountry "COL"]
[SourceTitle "playchess.com"]
[Source "ChessBase"]
[SourceQuality "1"]
[TimeControl "40/5400+30:1800+30"]

1. e4 c5 2. Nf3 Nc6 3. c3 d5 4. exd5 Qxd5 5. d4 Bg4 6. Be2 cxd4 7. cxd4 e6 8. Nc3 Qa5 9. O-O Nf6 10. a3 a6 11. Bf4 Be7 12. Qb3 Ra7 13. Rfd1 Nd5 14. Nxd5 Qxd5 15. Qb6 O-O 16. Rac1 Bd8 17. Bc7 Bxc7 18. Qxc7 Rfa8 19. h3 Bxf3 20. Bxf3 Qd8 21. Qf4 Ne7 22. Rc7 b5 23. Rdc1 Rxc7 24. Rxc7 Rc8 25. Ra7 Nf5 26. d5 g5 27. Qe5 Qb6 28. dxe6 fxe6 29. Rd7 Rc1+ 30. Kh2 Rc5 31. Qf6 Qb8+ 32. g3 Qf8 33. Rd8 1-0

[Event "11th American Continental Women 2018"]
[Site "Envigado"]
[Date "2018.11.20"]
[Round "5.14"]
[White "Caballero Marrugo, Maria Jose"]
[Black "Caballero Quijano, Mitzy Mishell"]
[Result "0-1"]
[WhiteElo "1338"]
[BlackElo "1992"]
[Annotator "NA RC"]
[PlyCount "114"]
[EventDate "2018.11.17"]
[EventType "swiss"]
[EventRounds "9"]
[EventCountry "COL"]
[SourceTitle "playchess.com"]
[Source "ChessBase"]
[SourceQuality "1"]
[TimeControl "40/5400+30:1800+30"]

1. e4 e6 2. d4 d5 3. Nc3 Nf6 4. exd5 exd5 5. Nf3 Be7 6. Bd3 Bg4 7. Bf4 c6 8. O-O O-O 9. Re1 Nbd7 10. Be2 Re8 11. Qd3 Nh5 12. Qd2 Bb4 13. h3 Bf5 14. Bh2 Nhf6 15. a3 Ne4 16. Qf4 Nxc3 17. Qxf5 Nxe2+ 18. Rxe2 Rxe2 19. axb4 g6 20. Qd3 Re8 21. Qd2 a6 22. Qh6 f6 23. h4 Qe7 24. Qd2 Qf7 25. Bf4 Re4 26. c3 Rae8 27. Be3 Qe7 28. Re1 Nb6 29. b3 Nc8 30. g3 Nd6 31. Qd3 Nf5 32. Nd2 Rxe3 33. fxe3 Nxg3 34. Kf2 Nf5 35. h5 Qd6 36. Nf1 Kg7 37. hxg6 hxg6 38. Ke2 Nh4 39. Kd1 f5 40. Qe2 Rh8 41. Qf2 g5 42. Ng3 Kg6 43. Rf1 Qe6 44. Rg1 Re8 45. Kd2 g4 46. Kd3 Nf3 47. Rh1 Re7 48. Rh5 Rh7 49. Rxh7 Kxh7 50. Qf1 Qh6 51. Qh1 Qxh1 52. Nxh1 Kg6 53. c4 Kg5 54. Ke2 Kh4 55. Kf2 Nd2 56. Ng3 Ne4+ 57. Nxe4 fxe4 0-1

[Event "11th American Continental Women 2018"]
[Site "Envigado"]
[Date "2018.11.20"]
[Round "5.15"]
[White "Barria Baker, Raisa Melissa"]
[Black "Hoyos Garces, Rosana"]
[Result "1-0"]
[WhiteElo "1941"]
[BlackElo "1586"]
[Annotator "NA RC"]
[PlyCount "83"]
[EventDate "2018.11.17"]
[EventType "swiss"]
[EventRounds "9"]
[EventCountry "COL"]
[SourceTitle "playchess.com"]
[Source "ChessBase"]
[SourceQuality "1"]
[TimeControl "40/5400+30:1800+30"]

1. d4 Nf6 2. Nf3 g6 3. c4 Bg7 4. Nc3 d6 5. h3 Nbd7 6. e4 e5 7. d5 Nc5 8. Nd2 a5 9. Be2 O-O 10. Qc2 Ne8 11. Nb3 Nxb3 12. Qxb3 f5 13. Be3 b6 14. O-O-O Bd7 15. f3 Nf6 16. g4 f4 17. Bf2 Be8 18. Bh4 Qb8 19. Bxf6 Bxf6 20. h4 Qa7 21. a4 Rc8 22. Kb1 c6 23. g5 Be7 24. Rdg1 Kg7 25. Bf1 Bd7 26. h5 Rh8 27. Qc2 cxd5 28. Nxd5 Bc6 29. Rh2 b5 30. Qg2 Be8 31. hxg6 Bxg6 32. axb5 Qd4 33. Be2 Bd8 34. Rd1 Qc5 35. Qg4 Rf8 36. Qe6 Ra8 37. Nc3 Bc7 38. Rdh1 a4 39. Qe7+ Kg8 40. Rxh7 Rf7 41. Rxf7 Bxf7 42. Qf6 1-0

[Event "11th American Continental Women 2018"]
[Site "Envigado"]
[Date "2018.11.20"]
[Round "6.1"]
[White "Fernandez, Maria Florencia"]
[Black "Cori T., Deysi"]
[Result "1/2-1/2"]
[WhiteElo "2198"]
[BlackElo "2406"]
[Annotator "TA"]
[PlyCount "70"]
[EventDate "2018.11.17"]
[EventType "swiss"]
[EventRounds "9"]
[EventCountry "COL"]
[SourceTitle "playchess.com"]
[Source "ChessBase"]
[SourceQuality "1"]

{[%evp 22,70,12,0,23,5,26,16,52,19,18,19,12,0,0,0,12,14,10,12,24,24,24,24,24,12,16,0,107,77,106,91,91,91,80,80,56,10,10,5,8,8,107,0,0,0,0,0,0,0,1]} 1. d4 f5 2. c4 Nf6 3. Nc3 e6 4. Nf3 Bb4 5. Qc2 b6 6. a3 Bxc3+ 7. Qxc3 Bb7 8. g3 {E32: Nimzo-Indian: Classical (4 Qc2): 4...0-0} O-O 9. Bg2 d6 10. O-O Qe7 (10... Nbd7 11. b4 Qe8 12. a4 a5 13. b5 Qh5 14. Qc2 Rae8 15. Ba3 f4 {0-1 (68) Fedoseev,V (2548)-Khismatullin,D (2656) Plovdiv 2012}) 11. b4 Nbd7 12. Bb2 {LiveBook: 22 Games} Rac8 13. Qb3 $146 ({Predecessor:} 13. Rfd1 Be4 {1-0 (40) Cori Tello,D (2415)-Pasiev,R (2312) Moscow 2012}) 13... Kh8 14. a4 c5 15. a5 (15. bxc5 {looks sharper.} dxc5 16. e3 Rb8 17. Qc2 Rfc8 18. Rfd1) 15... cxd4 16. axb6 axb6 17. Nxd4 Bxg2 18. Kxg2 Ne5 19. Rfc1 f4 20. Nf3 Ng6 21. Bxf6 Qxf6 22. Qd3 fxg3 23. hxg3 Ne5 24. Nxe5 Qxe5 (24... Qxf2+ $11 25. Kh3 dxe5) 25. f4 Qb2 26. Rh1 {[%csl Gh1][%cal Rd3h7] [#]} h6 27. Ra7 {White threatens Rxh6+! and mate.} Qf6 28. Rd7 $40 {[%mdl 128] Black is in trouble.} Rfd8 29. Rxd6 Rxd6 30. Qxd6 {Rh5 is the strong threat.} Rxc4 31. Qxb6 $14 {aiming for Rh5. KQR-KQR} Kh7 {[#]} (31... Qf5 $11 {remains equal.} 32. Kf2 Qe4) 32. Qd6 (32. Rh5 $1 $16) 32... Qf5 $11 {And now ...Qe4+ would win.The position is equal.} 33. Rd1 Qe4+ 34. Kf2 Rxb4 35. Qd3 Qf5 {Precision: White = 68%, Black = 45%.} 1/2-1/2

[Event "11th American Continental Women 2018"]
[Site "Envigado"]
[Date "2018.11.20"]
[Round "6.2"]
[White "Llaudy Pupo, Lisandra"]
[Black "Cervantes Landeiro, Thalia"]
[Result "1-0"]
[WhiteElo "2302"]
[BlackElo "2098"]
[Annotator "TA"]
[PlyCount "131"]
[EventDate "2018.11.17"]
[EventType "swiss"]
[EventRounds "9"]
[EventCountry "COL"]
[SourceTitle "playchess.com"]
[Source "ChessBase"]
[SourceQuality "1"]

{[%evp 19,131,15,15,7,32,18,36,3,16,15,58,29,63,51,60,45,56,42,34,43,22,0,0,0,25,19,15,19,81,75,72,72,76,76,76,76,79,79,79,81,72,83,79,54,54,54,61,47,53,47,47,46,47,46,46,31,47,47,47,0,47,0,47,45,47,47,59,54,58,59,569,696,326,641,685,637,993,147,147,0,875,395,859,40,40,40,147,147,560,560,560,541,383,8,3823,3640,2268,1516,29968,29970,29972,29972,29970,29971,29971,29971,29969,29971,29981,29982,29987,29988,29988,29989]} 1. e4 e5 2. Nf3 Nc6 3. Bb5 Nf6 4. d3 Bc5 5. c3 O-O 6. O-O d6 7. h3 a6 {C65: Ruy Lopez: Berlin Defence (3...Nf6), unusual lines and 4 0-0 Bc5} 8. Ba4 Ba7 9. Re1 Ne7 10. d4 Ng6 {LiveBook: 7 Games} 11. Bc2 c5 $146 ({Predecessor:} 11... Re8 12. Nbd2 c5 13. d5 b5 14. b3 Bd7 15. Nf1 Qc7 16. Ne3 Bb6 17. a4 Nf4 18. Nh2 c4 19. bxc4 Ba5 20. Bd2 bxc4 {½-½ (54) Hou,Y (2673)-So,W (2773) Wijk aan Zee 2016}) 12. Be3 b5 13. Nbd2 Bb7 14. a4 Re8 15. dxe5 dxe5 16. axb5 axb5 17. Qe2 Bc6 18. b4 Nf4 19. Qf1 Qc7 20. bxc5 (20. c4 {seems wilder.} cxb4 21. cxb5 Bxe3 22. fxe3 Rxa1 23. Rxa1 Bb7 24. Nc4) 20... Ne6 21. Bd3 Bxc5 (21... Reb8 {looks sharper.} 22. Rab1 Bxc5 23. Bxc5 Nxc5 24. Bxb5 Bxe4 25. Nxe4 Nfxe4 26. Bd3 Rxb1 27. Bxb1 Nxc3 28. Rxe5 Nxb1 29. Qxb1 Ne6) 22. Rxa8 Rxa8 23. Bxb5 Bxe4 (23... Bxb5 $11 24. Qxb5 Rc8) 24. Nxe4 $16 Nxe4 25. Bc4 {aiming for Bxe6.} Bxe3 26. Rxe3 Nd6 27. Bxe6 fxe6 28. Rxe5 Qxc3 29. Rxe6 Ra1 30. Re1 Rxe1 31. Qxe1 (31. Nxe1 {with more complications.} h6 32. Qe2 Qd4 33. Nd3 Qe4 34. Qxe4 Nxe4 35. f3) 31... Qxe1+ 32. Nxe1 {[%mdl 4096] Endgame KN-KN} Kf7 33. Kf1 Kf6 34. Ke2 g5 35. Nd3 h5 36. Ke3 Kf5 37. Kd4 Ne8 38. Nb4 Nc7 39. Nd3 Ne8 40. Nb4 Nc7 41. Ke3 Ne6 42. g3 Nc7 43. Nc2 Nd5+ 44. Kd4 Nf6 $2 {[%mdl 8192]} ({Black should play} 44... Nc7 $14) 45. Ne3+ $18 Kg6 46. f4 $1 gxf4 47. gxf4 Nd7 48. Ke4 $2 (48. h4 $1 $18 {and the rest is easy.} Kf6 49. f5) 48... Nc5+ $16 49. Kd4 $2 {[%mdl 8192]} (49. Kf3 $16) 49... Nd7 $18 50. Kd5 (50. h4 $142 Kf6 51. f5) 50... Kf6 $2 (50... h4 51. Kd4 Nf6) 51. Ke4 $2 (51. h4 $18 {Black must now prevent f5.} Nf8 52. f5) 51... Nc5+ $1 $14 52. Kf3 Nd3 (52... Nb3 $1 $14) 53. Nf1 $1 $16 Kf5 $2 {[%mdl 8192]} (53... Nb2 $16 {is tougher.} 54. Ng3 Kg6) 54. Ng3+ $18 Kg6 {[#]} 55. Ke3 $1 {[%cal Re3d3]} Nb4 {[#]} 56. h4 $2 (56. Ke4 $1 $18) 56... Nd5+ $2 {[%mdl 8192]} (56... Nc2+ $11 57. Ke2 Nd4+ 58. Ke3 Nc2+ 59. Kf2 Nd4) 57. Ke4 Nf6+ 58. Ke5 Ng4+ 59. Ke6 {White mates.} Nf6 60. Ne2 Ne8 61. f5+ {[%cal Bf4f5,Bf5f6][%mdl 32]} Kg7 62. Nf4 Nf6 63. Nd5 Ne4 64. Ke7 Ng3 65. f6+ Kg6 66. Ne3 {Accuracy: White = 57%, Black = 31%.} 1-0

[Event "11th American Continental Women 2018"]
[Site "Envigado"]
[Date "2018.11.20"]
[Round "6.3"]
[White "Marrero Lopez, Yaniet"]
[Black "Besso, Guadalupe"]
[Result "1/2-1/2"]
[WhiteElo "2253"]
[BlackElo "2069"]
[Annotator "TA"]
[PlyCount "108"]
[EventDate "2018.11.17"]
[EventType "swiss"]
[EventRounds "9"]
[EventCountry "COL"]
[SourceTitle "playchess.com"]
[Source "ChessBase"]
[SourceQuality "1"]

{[%evp 18,108,31,45,64,22,29,14,24,29,27,27,32,0,21,12,15,0,0,0,0,0,0,0,89,91,94,93,85,90,138,129,136,0,94,0,0,-21,-26,-23,57,53,59,59,61,58,79,82,99,64,89,0,0,0,0,-4,0,0,0,0,0,0,0,0,0,-162,-162,-142,-7,-7,-7,-9,-8,-18,-8,-8,-8,-8,-8,-8,-8,-8,0,0,0,0,0,0,0,0,0,0,0]} 1. e4 c5 2. Nf3 Nc6 3. Nc3 g6 4. Bb5 Bg7 5. O-O a6 6. Bxc6 dxc6 7. h3 Nf6 8. d3 b6 {B30: Sicilian: 2...Nc6 3 Bb5, lines without ...g6} (8... O-O 9. Be3 Nd7 10. Bf4 Re8 11. Qd2 Nf8 12. a3 Ne6 13. Bh2 a5 14. Rad1 Nd4 15. Nxd4 cxd4 16. Ne2 {0-1 (91) Ruch,E (2479)-Matei,C (2576) ICCF email 2009}) 9. Be3 O-O 10. Qd2 {LiveBook: 3 Games} e5 {White is slightly better.} 11. Bh6 {next Bxg7 is good for White.} Re8 12. a3 $146 ({Predecessor:} 12. Nh2 Be6 13. Bxg7 Kxg7 14. f4 exf4 15. Qxf4 Nh5 16. Qf3 {1-0 (42) Boidman,Y (2315)-Ehmann,T (2283) Wiesbaden 2016}) 12... a5 13. Bxg7 Kxg7 14. Ne2 Ba6 15. Rfd1 Qe7 16. Ng3 Nd7 17. a4 Nf8 18. Qc3 Qf6 19. Nf1 Bc8 20. N1d2 Ne6 (20... Ba6 $11 {keeps the balance.}) 21. Qxe5 $16 Qxe5 22. Nxe5 Nd4 23. c3 Ne2+ 24. Kf1 Nf4 25. Ndf3 ({And not} 25. Nxc6 Ba6 $17) ({White must play} 25. Ndc4 $16) 25... Be6 (25... Ba6 $1 $11) 26. Kg1 (26. d4 $16) 26... f6 $1 $11 {[%cal Rf6e5]} 27. Ng4 Rad8 28. d4 cxd4 ({Black should try} 28... Ne2+ $11 29. Kf1 Bc4) 29. Nxd4 $14 Bxg4 30. hxg4 c5 31. Nb5 Rxd1+ 32. Rxd1 Rxe4 {[%mdl 4096] Endgame KRN-KRN} 33. Rd7+ Kg8 34. Rd6 (34. g3 $16) 34... Rxa4 $11 35. Rxf6 Nd3 36. Rxb6 Ra1+ 37. Kh2 Nxf2 38. Kg3 Nd3 39. Nd6 Rb1 40. Nc4 a4 41. Rd6 $2 (41. Ra6 $11 {and White is okay.}) 41... Nxb2 $19 42. Rb6 a3 ({Black should play} 42... Rc1 $17 43. Rb8+ Kf7 44. Rb7+ Kf6 45. Rb6+ Ke7 46. Rb7+ Kf6 47. Rb6+ Kg7 48. Rb7+ Kf6) 43. Nxa3 $11 {The position is equal.} Rc1 44. Nb5 Nd1 45. Rb8+ Kg7 46. g5 Nxc3 47. Rb7+ Kg8 48. Nxc3 Rxc3+ {KR-KR} 49. Kf4 Rc1 50. Ke5 c4 {[#] aiming for ...c3.} 51. Rc7 Re1+ 52. Kf6 $1 {White wants to mate with Rc8+.} Rf1+ 53. Ke6 Re1+ 54. Kf6 {[#] Rc8+ would kill now.} Rf1+ {Accuracy: White = 55%, Black = 50%.} 1/2-1/2

[Event "11th American Continental Women 2018"]
[Site "Envigado"]
[Date "2018.11.20"]
[Round "6.4"]
[White "Perez Rodriguez, Jennifer"]
[Black "Rodriguez Rueda, Paula Andrea"]
[Result "1-0"]
[WhiteElo "2203"]
[BlackElo "2275"]
[Annotator "TA"]
[PlyCount "92"]
[EventDate "2018.11.17"]
[EventType "swiss"]
[EventRounds "9"]
[EventCountry "COL"]
[SourceTitle "playchess.com"]
[Source "ChessBase"]
[SourceQuality "1"]

{[%evp 12,92,20,6,10,16,16,12,28,33,44,44,48,28,55,53,35,0,2,-23,10,-24,0,0,0,-19,-25,-22,7,-76,6,-3,27,18,48,35,48,27,60,66,54,58,58,57,74,80,74,75,78,54,73,35,64,54,97,99,93,39,56,58,93,87,126,120,127,127,122,121,129,117,122,99,100,95,101,61,45,83,89,-147,-150,-2703,-417]} 1. e4 c5 2. Nf3 d6 3. c3 Nf6 4. Be2 Bd7 5. d3 e6 (5... g6 6. O-O Bg7 7. Be3 O-O 8. Nbd2 Nc6 9. h3 e5 10. a3 b6 11. b4 Nh5 12. Re1 Nf4 13. Bf1 Ne6 {0-1 (45) Aronian,L (2764)-Vachier Lagrave,M (2789) Stavanger 2018}) 6. O-O {B50: Sicilian: 2...d6, Miscellaneous} Be7 7. Re1 {LiveBook: 4 Games} O-O 8. Bf1 {The position is equal.} Bc6 9. Nbd2 d5 $146 ({Predecessor:} 9... Qc7 10. a3 Nbd7 11. b3 Rfe8 12. Bb2 b6 13. d4 {½-½ (89) Flores,D (2442)-Felgaer,R (2509) Pinamar 2002}) 10. e5 Ne8 11. d4 c4 12. Re3 Nd7 13. Ne1 g6 14. Qg4 Ng7 15. f4 f6 16. Nc2 b5 17. exf6 Nxf6 18. Qe2 Bd7 19. g3 Bd6 20. Bh3 (20. Qe1 $11 {keeps the balance.}) 20... Kh8 ({Black should try} 20... e5 $17 21. Bxd7 exd4 22. Be6+ Nxe6 23. Nxd4 (23. Rxe6 d3 $17 {[%mdl 64] Double Attack}) 23... Nxd4 24. cxd4 b4) 21. Qg2 Nfh5 22. Nf3 Qb6 23. Bd2 a5 24. a3 b4 25. axb4 axb4 26. Rxa8 Rxa8 27. Nxb4 Ra1+ 28. Re1 Rxe1+ 29. Bxe1 {Threatens to win with Nxd5!} Nf6 30. Kh1 Nf5 31. Qg1 Qa7 32. g4 Ng7 33. Ne5 {And now Nf7+ would win.} Be8 {[#]} 34. Bg3 (34. Bh4 $1 $16 {[%cal Rh4f6]} Ne4 35. Bg2) 34... Ne4 35. Nc2 Qa2 36. Qc1 Qa7 37. Bg2 Nxg3+ 38. hxg3 Bxe5 39. fxe5 ({Of course not} 39. dxe5 $6 Qf2 $11) 39... Qe7 40. Qf4 Bf7 41. Ne3 g5 42. Qf1 Qa7 43. Qf6 {[#] Black must now prevent Bxd5!} Qa1+ $1 44. Kh2 Bg8 45. Nxd5 $2 ({Much weaker is} 45. Qxg5 $6 Qxb2 46. Kh3 Qc1 $11) (45. Qf2 $16 {keeps the pressure on.}) 45... exd5 $17 46. Qf5 $2 (46. Qf2 $17) 46... Qxb2 {[%mdl 32768] Accuracy: White = 29%, Black = 39%. . Loss on time!?} (46... Nxf5 $142 47. gxf5 Qxb2) 1-0

[Event "11th American Continental Women 2018"]
[Site "Envigado"]
[Date "2018.11.20"]
[Round "6.5"]
[White "Rivera, Ingris"]
[Black "Arribas Robaina, Maritza"]
[Result "1-0"]
[WhiteElo "2188"]
[BlackElo "2257"]
[Annotator "TA"]
[PlyCount "97"]
[EventDate "2018.11.17"]
[EventType "swiss"]
[EventRounds "9"]
[EventCountry "COL"]
[SourceTitle "playchess.com"]
[Source "ChessBase"]
[SourceQuality "1"]

{[%evp 16,97,42,39,75,31,16,2,7,0,0,0,0,-11,0,-9,0,0,36,31,44,-10,161,136,161,161,162,161,164,157,147,166,177,82,76,62,89,21,150,162,140,152,191,208,374,373,441,255,247,245,314,270,295,193,277,153,217,208,483,483,483,476,476,473,641,637,563,422,526,508,509,508,510,520,631,637,686,690,735,729,685,629,715,710]} 1. d4 Nf6 2. c4 g6 3. Nc3 Bg7 4. e4 d6 5. h3 c6 6. Nf3 O-O 7. Bd3 e5 8. d5 {E90: King's Indian: Classical: Early deviations and 6 h3} Nbd7 9. O-O {LiveBook: 8 Games} Nh5 10. dxc6 {White is better.} bxc6 11. Bc2 Nc5 12. Be3 $146 ({Predecessor:} 12. b4 Ne6 13. b5 Bb7 14. bxc6 Bxc6 15. Nb5 Qd7 16. Nxd6 {0-1 (26) Cvek,R (2461)-Jakubiec,A (2565) Czechia 2005}) 12... Ne6 13. Qd2 c5 14. Nd5 Rb8 15. b3 Bb7 16. Rae1 f5 17. exf5 gxf5 18. Ng5 ({Better is} 18. Qd1 $14) 18... Qd7 $2 (18... Nhf4 $11 {and Black has nothing to worry.} 19. Nxe6 (19. Nxf4 Nxg5 20. Ng6 Nxh3+ 21. gxh3 hxg6 $17) 19... Nxe6) 19. Qd1 $1 $18 {[%cal Rd1h5]} Nhf4 20. Bxf4 $1 Nxf4 21. Nxf4 exf4 22. Ne6 $40 {[%mdl 128] White attacks with force.} f3 23. g3 Rf7 {[#]} 24. Ng5 (24. Qd2 $1 $18) 24... Rf6 $16 25. Qd3 Rg6 26. h4 (26. Nxf3 $16 {And now Nh4 would win.} Qc6 27. Qd5+ Qxd5 28. cxd5) 26... f4 (26... Rf8 $11 {remains equal.}) 27. Qf5 Qxf5 28. Bxf5 fxg3 {aiming for ...g2.} 29. Bxg6 hxg6 $2 (29... g2) 30. fxg3 $18 Be5 31. Kh2 (31. Nxf3 $142 Bxf3 32. Rxf3) 31... Rf8 32. Re3 Rf6 33. a3 a5 34. Rd3 f2 {[#]} (34... Bb2 {was worth a try.} 35. Re3 (35. Nxf3 Bd4 $18) 35... Bc6 36. Nxf3 Bxa3) 35. Rd2 (35. Re3 $1 $18) 35... Bd4 (35... a4 $16) 36. Re2 {Strongly threatening Re8+.} Bc6 $2 (36... Bc8 {is a better defense.} 37. Re8+ {[%mdl 64] Double Attack} Rf8 38. Rxf8+ Kxf8) 37. Ne6 {White is clearly winning.} Be5 38. Nd8 Bd7 39. Rexf2 Bf5 40. Nc6 Re6 41. Nxa5 Bd4 42. Rxf5 gxf5 43. Rxf5 {[%mdl 4096] Endgame KRB-KRN} Re3 44. Kg2 Be5 45. Rf3 Re2+ 46. Kh3 Kg7 47. Nc6 Bf6 48. a4 Re8 49. Rd3 {Accuracy: White = 54%, Black = 27%.} 1-0